[Event "Ciocaltea Memorial"]
[Site "Bucharest"]
[Date "1997.??.??"]
[Round "8"]
[White "Solak, Dragan"]
[Black "Istratescu, Andrei"]
[Result "1/2-1/2"]
[WhiteElo "2355"]
[BlackElo "2545"]
[Annotator "Nor,I"]
[PlyCount "53"]
[EventDate "1997.03.??"]
[EventType "tourn"]
[EventRounds "13"]
[EventCountry "ROU"]
[EventCategory "10"]
[SourceTitle "CBM 060"]
[Source "ChessBase"]
[SourceDate "1997.09.29"]
[SourceVersion "1"]
[SourceVersionDate "1997.09.29"]
[SourceQuality "1"]

1. e4 {Gershon} c5 2. Nf3 d6 3. d4 cxd4 4. Nxd4 Nf6 5. Nc3 a6 6. Be3 e5 7. Nb3
Be6 8. Qd2 Be7 9. f3 O-O 10. O-O-O b5 (10... a5 $5 11. Bb5 $1 (11. Kb1 a4 12.
Nc1 Ra5 13. Bb5 a3 14. Nb3 Ra8 15. g4 Nc6 16. g5 Ne8 17. Nd5 Bxd5 18. exd5 Nd4
19. Nxd4 exd4 20. Qxd4 Bxg5 21. Bxg5 Qxg5 22. Rhg1 Qf6 23. Qxf6 Nxf6 24. b4 Ne8
25. c4 Nc7 26. Kc2 Nxb5 27. cxb5 Rfe8 28. Rge1 Kf8 29. Kb3 g5 30. b6 h5 31. Rc1
Rxe1 32. Rxe1 Re8 33. Rc1 Re3+ 34. Ka4 f5 35. Rc6 g4 36. fxg4 hxg4 37. Rxd6 Re7
38. Rc6 f4 39. d6 Rf7 40. Rc8+ Kg7 41. Rc7 f3 42. d7 f2 43. d8=Q f1=Q 44. Qg5+
{1-0 Cseshkovsky,V-Bekker_Jensen,S/Politiken Cup '96, VISA NGP Copenhagen 1996}
) 11... Na6 12. Qe2 Qc8 13. Na4 Nb4 14. Kb1 Qc7 15. a3 Nc6 16. Nb6 Rad8 17. Nd5
Bxd5 18. exd5 Nb8 19. Qc4 $1 Qxc4 20. Bxc4 $16 {Sax-Quinteros, Moscow(izt) 1982
}) (10... Nbd7 11. g4 b5 12. g5 b4 (12... Nh5 13. Kb1 Nb6 14. Nd5 $1 Nxd5 (
14... Bxd5 15. exd5 Qc7 16. Rg1 g6 17. h4 Rab8 18. Bxb6 Qxb6 19. Bd3 $10 {
Khaliman,-Kuczynski, BL, 1994}) 15. exd5 Bd7 16. Na5 $5 Qc7 17. Bd3 Bd8 18. Nc6
$1 $14 {Badzarani-Kalantarian, USSR 1989}) 13. Ne2 Nh5 14. Ng3 Nf4 15. h4 a5
16. Kb1 a4 17. Nd4 exd4 18. Bxf4 Ne5 19. Be2 Qc7 20. Nf5 Bxf5 21. exf5 Rfc8 22.
Rc1 a3 23. b3 Qc3 $13 {Vaulin}) (10... Qc7 11. g4 Rc8 12. g5 Nfd7 13. f4 exf4
14. Bxf4 Ne5 15. Nd4 Nbc6 16. Nxe6 fxe6 17. h4 Bf8 $1 18. Bh3 Re8 $10 {
Smagin-Georgadze,T, Tashkent 1984}) 11. g4 b4 12. Nd5 $6 {I don't like this
move.After it black is not worse because his attack is fast and dangerous.What
more should black ask in opening?! 12.Na4 is attacking black's weaknesses on
the queen flank. So,black should start thinking about defense here [instead of
attack!] and white gets time for building something on the other flank.} (12.
Na4 $5 Nc6 $5 (12... a5 $6 13. Nb6 a4 14. Nc5 b3 15. axb3 Qxb6 16. Nxe6 axb3
17. Qc3 Qb7 18. Nxf8 bxc2 19. Kxc2 Nc6 20. Bc4 Bxf8 21. Kb1 Ra4 22. g5 d5 23.
exd5 Na5 24. Ba2 Ne8 25. Qc2 Qb5 26. d6 Nxd6 27. Rd5 Qe8 28. Bc5 Nac4 29. Bb3
Qa8 30. Bxa4 Qxd5 31. Bxd6 Qxf3 32. Bxf8 Qxh1+ 33. Ka2 Qd5 34. Bb4 e4 35. b3
Nb6 36. Qc7 {1-0 Svidler,P-Hansen,C/Groningen 1995}) (12... Nbd7 $5 13. Qxb4 $5
(13. g5 Nh5 14. Kb1 Rb8 15. Nc1 Qc7 16. b3 a5 17. Rg1 Rfd8 18. Rg2 Nc5 19. Nxc5
dxc5 20. Qe1 Nf4 21. Bxf4 exf4 22. h4 Bd6 23. Rgd2 Be5 24. Rxd8+ Rxd8 25. Rxd8+
Qxd8 26. Nd3 Qd4 27. Nxe5 Qxe5 28. Qd2 h6 29. gxh6 g6 30. Qd8+ Kh7 31. Qxa5 Qh5
32. Bd3 Qxf3 33. Qxc5 Qh1+ 34. Kb2 Qxh4 35. Qxb4 {1/2-1/2 Gorjatschev
Viktor-Vaulin Alexander/Memorial A.Alekhine (open), Moscow (Rus 1996}) 13... d5
14. Bc5 Nxc5 15. Nbxc5 Qc8 16. Qb6 $1 {[%cal Yf1a6]} dxe4 $140 17. Bxa6 $1 $16)
13. g5 (13. h4 Rb8 14. Qf2 Qc7 15. Kb1 Nd7 $13 {Stoica,Istratescu}) 13... Nh5
14. Nb6 Rb8 15. Nd5 Bxd5 16. exd5 Na5 17. Nxa5 Qxa5 18. Kb1 Bd8 19. Qd3 Bb6 20.
Bc1 Ra8 21. Qe4 Bc5 22. Bh3 Qc7 23. Bg4 Nf4 24. h4 Rae8 25. Rde1 Qd8 26. Bxf4
exf4 27. Qxf4 Rxe1+ 28. Rxe1 Re8 29. Re4 Rxe4 30. Qxe4 g6 31. Kc1 {1/2-1/2
Gofshtein,L-Gruenfeld,Y/Rishon le Zion 1994}) (12. Ne2 $6 a5 13. Kb1 a4 14.
Nbc1 b3 15. g5 bxc2+ 16. Qxc2 Nfd7 17. h4 Na6 18. f4 Qb8 19. f5 Rc8 20. Qd3
Nac5 21. Qc2 Na6 22. Qd3 Nac5 23. Qc2 Na6 {1/2-1/2 Lukin,A-Dorfman,I/Soviet
Union 1983}) 12... Bxd5 13. exd5 a5 $132 14. Kb1 {Probably the best} (14. Nc5
Nbd7 (14... dxc5 15. d6 Nc6 16. Bxc5 $16) 15. Na4 Rb8 16. Kb1 Re8 17. h4 e4 18.
g5 Nh5 19. f4 Ng3 20. Rg1 Nf5 21. Bh3 Nxe3 22. Qxe3 Bf8 23. Rd4 Rb7 24. Rxe4
Rxe4 25. Qxe4 Nb6 26. Nxb6 Qxb6 27. Qh1 a4 28. h5 a3 29. Rd1 Qf2 30. Qf1 Qh2
31. b3 Rc7 32. Bf5 g6 33. hxg6 hxg6 34. Bd3 Qh8 35. c3 Qxc3 36. Qe2 Re7 37. Qc2
Bg7 38. Qxc3 Bxc3 {Gouliev,L-Mitenkov,A/Moscow-ch op 1995/0-1 (57)}) (14. g5
Nh5 15. Nc5 dxc5 (15... Nf4 16. h4 dxc5 17. d6 Nc6 18. Bxc5 Bxg5 19. hxg5 Qxg5
20. Be3 $44 {Kotronias,-Belotti, GM, 1994}) 16. d6 Nc6 17. dxe7 Qxe7 18. Qd7
Qxd7 19. Rxd7 Nd4 20. Bc4 $13) 14... Qc7 $5 (14... a4 15. Nc1 Qa5 16. g5 Nh5 (
16... Ne8 $6 17. Rg1 Nc7 18. Rg4 Nd7 19. Qxb4 Nxd5 20. Qxa5 Rxa5 21. Bd2 Ra7
22. Bb5 Nc5 23. Bc6 Nc7 24. Nd3 Nxd3 25. cxd3 a3 26. Be3 Ra6 27. Bb7 Ra5 28. b4
Rb5 29. Bc6 Rbb8 30. Ba7 d5 31. Bxb8 Rxb8 32. Kc2 Na6 33. b5 Nb4+ 34. Rxb4 Bxb4
35. Kb3 Bd6 36. Ka4 d4 37. Ka5 Kf8 38. b6 Ke7 39. b7 Rh8 40. Rc1 h6 41. g6 {
McShane,L-Bates,R/It, Witley ENG 1996/1-0 (58)}) (16... Nfd7 $5) 17. Bh3 f5 (
17... Re8 18. Bg4 Nf4 19. Bxf4 exf4 20. Rhe1 (20. Qxf4 Bf8 {/\ g6,Bg7~/=
Stoica,Istratescu /\ g6,Bg7~/= Stoica,Istratescu} 21. h4 $1 g6 22. h5 Bg7 23.
hxg6 hxg6 24. Rh7 $1 $18 {Tiviakov}) 20... Qb5 21. Qxf4 Na6 22. Bf5 g6 23. Bd3
Qd7 24. Bxa6 Rxa6 25. Re4 Bd8 26. Qg4 Re7 27. Rxb4 Qe8 28. Nd3 Ra8 29. h4 a3
30. b3 Ba5 31. Rc4 Qb5 32. Rc8+ Rxc8 33. Qxc8+ Re8 34. Qc6 Qb8 35. Qa4 Bc3 36.
Qxa3 Re3 37. f4 Qe8 38. b4 Qc8 39. b5 Bd4 40. Qb4 Re2 41. Qb3 Qg4 42. a4 Re4
43. Rc1 Bb6 44. a5 Bxa5 45. Nf2 {1-0 Tiviakov,S-Sahu,S/Calcutta 1993}) 18. gxf6
Bxf6 19. Ne2 Na6 20. Be6+ Kh8 21. Ng3 Nf4 22. Ne4 Nc7 23. h4 Nb5 24. Bd7 Be7
25. h5 a3 26. Bxb5 Qxb5 27. b3 h6 28. Rhg1 Rf5 29. Bxf4 Rxf4 30. Rg6 Raf8 31.
Rdg1 R8f7 32. c4 {1/2-1/2 Hellers,F-Pliester,L/Gausdal International 1992}) (
14... Nbd7 $6 15. g5 Nh5 16. Bb5 $14 {Lanka,Z-Sadler,M/Mandelieu_la_Napoule
1992}) (14... Na6 $132 {Lukin}) 15. g5 (15. h4 $6 Na6 16. h5 Nd7 17. g5 a4 18.
Nc1 Ndc5 19. Bh3 f5 20. g6 f4 21. Bxc5 Nxc5 22. Nd3 h6 23. Qxb4 Rfb8 24. Qc4
Qb6 25. Qc3 Bf6 26. Nxc5 e4 27. Nd7 Qxb2+ 28. Qxb2 Rxb2+ 29. Kc1 Bc3 30. Rdf1
Rxa2 31. Kd1 a3 32. fxe4 f3 33. Rxf3 Ra1+ 34. Ke2 Rxh1 35. Be6+ Kh8 36. Rxc3 a2
{0-1 Koka,O-Gallagher,J/Bad Zurzach op 1995}) 15... Nfd7 $2 {About this move I
can say the same I said about 12.Nd5?! - 15...Nh5 is stoping white's attack 
[even if this is only for a while].More than this - the knight on queen flank
can be useless!} (15... Nh5 $5 16. Bh3 f5 17. gxf6 Rxf6 18. Bg4 a4 19. Nc1 Nf4
20. Qxb4 Nd7 21. Qb5 Nf8 22. Qc6 Qb8 23. Nd3 h5 24. Bxf4 hxg4 25. Bg5 gxf3 26.
Nf2 Rf7 27. Bxe7 Rxe7 28. Ne4 Rb7 29. Qc3 Rb4 30. Rhe1 Ra7 31. b3 axb3 32. cxb3
Rf7 33. Ng5 f2 34. Rf1 Rf5 35. Nh3 Rh4 36. Qg3 Qb4 37. Nxf2 Rff4 38. Rg1 g6 39.
Nd3 Qe4 40. Rge1 Qf5 41. Qg2 Rf3 42. Qc2 Nd7 43. Re2 Nf6 44. Nb2 Ne4 45. Na4
Rhf4 46. Kb2 Nf2 47. Rg1 Nd3+ 48. Ka3 Rxa4+ 49. Kxa4 Qd7+ 50. Qc6 Qa7+ 51. Kb5
Qxg1 52. Qxd6 Rf7 53. Qc6 Qg4 54. Rc2 Qb4+ 55. Ka6 Kg7 56. d6 Qd4 57. Kb5 Nb4
58. Qc4 Rb7+ 59. Ka5 {0-1 Gallagher,J-Gutman,L/Bad Woerishofen op 1994}) 16. h4
$5 $14 {Very hard to call it a novelty!There was only one game that went this
way, and white played 16.Qd3?![a strange move].16.h4 is better-that is all I
can say.} (16. Qd3 $6 Rc8 17. Bh3 a4 18. Nd2 Na6 19. Ne4 b3 20. c3 bxa2+ 21.
Ka1 Rcb8 22. Bxd7 Qxd7 23. f4 exf4 24. Bxf4 Rb3 25. Qc4 Nc7 26. Rhg1 Rab8 27.
Nf6+ Bxf6 28. gxf6 g6 29. Qc6 Qf5 30. Rg2 a3 31. Qxc7 axb2+ 32. Rxb2 Rxb2 {
0-1 Anka,E-Gallagher,J/Genf op sp 1996}) 16... Nb6 {Black starts to feel that
sometimes one knight is better than two!The problem is that until Rf8 and Nb8
join the attak black's attack can't be serious,therefore, he should waste his
time on maneuvering.} (16... Na6 $6 17. Bb5 $1 $16) (16... a4 17. Nc1 Rc8 (
17... a3 $6 18. b3 Rc8 19. Bd3 $16) 18. h5 $40) 17. Nc5 $6 {Too
complicated!Chess is an easy game if you are playing primitivly! Attack the
king!} (17. h5 $1 a4 18. Nc1 $40) 17... a4 $1 $36 (17... dxc5 $2 18. d6 Bxd6
19. Qxd6 Qxd6 20. Rxd6 Nc8 (20... N8d7 $2 21. Bb5 $18) (20... N6d7 $2 21. Bb5
Ra7 22. Rhd1 Rd8 23. Bxc5 $18) 21. Rd1 $16 {[%csl Rc5]}) 18. Bb5 $6 (18. Ne4
$142 b3 $1 $36 19. h5 $140 Nxd5 $19) 18... Ra5 $6 $13 {The complications are
not dangerous for black [if he is not afraid of the draw!],but quiet the 18...
Rc8! was much better.This move reminds me white's 17.Nc5?!} (18... Rc8 $1 {
for example:} 19. Ne4 b3 $40) 19. Qxb4 $8 Rxb5 $8 (19... Nxd5 $2 20. Rxd5 dxc5
21. Bxc5 Rc8 22. Qxa5 $1 Qxa5 23. Bxe7 $16) 20. Qxb5 dxc5 21. d6 $1 {After
this move it is a draw,but even drawhaters will not try here to win [to lose!]
after 21.Qe2?! or 21.h5?} (21. h5 $2 N8d7 22. c4 $140 Rb8 $17) (21. Qe2 $6 N8d7
22. c4 Nc8 $1 $15) 21... Bxd6 22. Rxd6 Qxd6 23. Bxc5 Qd5 $8 (23... Qc6 $2 24.
Qxc6 Nxc6 25. Bxb6 $16) 24. Qxb6 Nd7 25. Qd6 $8 Qxf3 $5 {Those drawhaters will
not try for black too [25...Q:c5?]!} (25... Qxc5 $2 26. Qxd7 a3 $5 27. Qd3 $1
$16) 26. Re1 Nxc5 27. Qxc5 {Now it seems equal,but for chesspsychologysts I
can recommend to compare the moves:12 of white-15 of black;17 of white-18 of
black; 21 of white-25 of black.Very interesting!!!} 1/2-1/2

[Event "Bad Homburg"]
[Site "Bad Homburg"]
[Date "1997.??.??"]
[Round "5"]
[White "Hracek, Zbynek"]
[Black "Lutz, Christopher"]
[Result "1-0"]
[WhiteElo "2605"]
[BlackElo "2590"]
[Annotator "Nor,I"]
[PlyCount "121"]
[EventDate "1997.07.26"]
[EventType "tourn"]
[EventRounds "9"]
[EventCountry "GER"]
[EventCategory "14"]
[SourceTitle "CBM 060"]
[Source "ChessBase"]
[SourceDate "1997.09.29"]
[SourceVersion "1"]
[SourceVersionDate "1997.09.29"]
[SourceQuality "1"]

1. e4 {Gershon} c5 2. Nf3 d6 3. d4 cxd4 4. Nxd4 Nf6 5. Nc3 a6 6. Be3 e5 7. Nb3
Be6 8. f3 Nbd7 9. Qd2 b5 10. a4 $1 b4 11. Nd5 Bxd5 12. exd5 Nb6 13. Bxb6 $8 (
13. Qxb4 $2 Nbxd5 14. Qd2 Nxe3 15. Qxe3 Be7 $15) 13... Qxb6 14. a5 Qb7 15. Bc4
Be7 16. Ra4 Rb8 17. Nc1 {That is a very important position for this
variation!Now let's see what new will we find in this game.} (17. Qd3 Ra8 18.
Qd2 Rb8) 17... Bd8 $5 {One of the best options in this position.} (17... Nd7
18. Nd3 $6 (18. Na2 $1) 18... Bd8 19. Kd1 Qc8 20. b3 Nc5 21. Rxb4 Ra8 22. Nxc5
Qxc5 23. Ra4 h6 24. Re1 O-O 25. Qe3 {De Toledo,J-Leitao,R/BRA-ch93/1994/1/2-1/
2 (58)}) (17... e4 $6 18. Na2 exf3 19. gxf3 Qd7 20. b3 Qh3 21. Rf1 Nd7 22. Nxb4
Nc5 23. Ra2 O-O 24. Kd1 Bf6 25. Nxa6 Nxb3 26. cxb3 Rxb3 27. Kc2 Rc3+ 28. Qxc3
Bxc3 29. Kxc3 Rc8 $16 {Cseshkovsky,V-Lukov,V/Sochi/1981/}) (17... O-O $6 18.
Na2 Bd8 19. Nxb4 Bxa5 20. Rxa5 Qxb4 21. Qxb4 Rxb4 22. b3 Rb6 23. Kd2 Ra8 24.
Rha1 Kf8 25. c3 Ke7 26. b4 Kd8 27. Bxa6 Kc7 28. Bd3 $18 {Cseshkovsky,V-Bukic,E/
Banjaluka/1981/1-0 (40)}) 18. b3 $146 {Althought Tiviakov won very
impressively after 18.Nd3,not everybody would like to play this ending.18...
Nd7 is interesting too.That is why Hracek starts with 18.b3-it is very
surprising for black but,maybe,not so dangerous!} (18. Nd3 $1 {Dolmatov} Nxd5 (
18... Nd7 $5 19. Kd1 (19. b3 $5) 19... Qc8 20. b3 Nc5 21. Rxb4 Ra8 $1 22. Nxc5
Qxc5 23. Ra4 $14) 19. Nxe5 dxe5 20. Qxd5 Qxd5 21. Bxd5 $14 {Tiviakov-De
Firmian1995 [1-0]}) (18. Na2 $6 Qc8 $1 19. b3 (19. Rxb4 $2 Bxa5) 19... Qc5 $1
$132) 18... Qa7 $2 (18... Nd7 $6 19. Nd3 Qc8 $6 (19... O-O $142 20. Kd1 $14)
20. Nxb4 Nc5 21. Ra1 $16) (18... O-O $142 $5 19. Na2 $5 (19. Nd3 $140 $2 Nxd5
20. Nxe5 Nc3 $19) 19... Nd7 $5 $13) 19. Nd3 {[%csl Yb4]} Qd4 $8 {If the best
black can get is a very bad ending,he has already made the mistake!} (19... e4
$2 20. Nxb4 e3 (20... exf3 21. gxf3 {With no chance.}) 21. Qc3 $18) (19... O-O
$6 20. Nxb4 $16) 20. Nxb4 $1 Qxd2+ 21. Kxd2 Rxb4 $8 22. Rxb4 Bxa5 23. Kc3 Kd7
24. Ra1 Bxb4+ 25. Kxb4 Ra8 26. Ka5 $1 $16 {[%csl Ra6][%cal Gb3b4,Gc2c5]} Kc7
27. b4 Kb7 28. Bb3 Rc8 29. c4 Nh5 30. Rc1 Nf4 31. c5 dxc5 (31... Ka7 32. cxd6
$18) 32. bxc5 Nd3 33. c6+ $1 $18 Kc7 34. d6+ $1 Kxd6 35. Rd1 Rxc6 36. Rxd3+ Ke7
{For two strong pawns black gave his useless knight and now he gets some
practical [but not very serious!] chances.} 37. Kb4 Rh6 38. h3 Rg6 39. Rd2 Rd6
40. Rd5 {Strange!Was 40.R:d6 too easy?} (40. Rxd6 Kxd6 41. Bxf7) 40... Rb6+ 41.
Kc3 Rb5 42. Rxb5 axb5 43. Kb4 {Next 20 moves could be skiped!} f5 44. Kxb5 Kf6
45. Kc4 Kg5 46. Kd3 Kf4 47. Ke2 e4 48. fxe4 Kxe4 49. Bf7 Kf4 50. Kf2 g6 51. Be8
g5 52. Bf7 Ke4 53. Bh5 Kf4 54. Bf3 Ke5 55. Ke3 Ke6 56. Kd4 Kd6 57. Bd1 Ke6 58.
Bh5 Kd6 59. Bf7 h6 60. Bg6 Ke6 61. g4 {That was not the first time when
someone won his game at home!} 1-0